000 00753nam a2200217Ii 4500
003 JO-AjNU
008 230605s9999||||xx |||||||||||||| ||und||
017 _a2010/6/2094
040 _aJO-AjNU
_bara
_erda
_cJO-AjNU
041 _aara
050 1 4 _aHV 3004.Q663 2011
100 3 _aالقمش، مصطفى نوري,
_eauthor
_942655
245 0 0 _aالاعاقة العقلية: النظرية والممارسة = Mental Retardation
250 _aط1
264 3 1 _aعمان: دار المسيرة للنشر والتوزيع، 2011
300 _a311ص
336 _atext
_btxt
_2rdacontent
337 _aunmediated
_bn
_2rdamedia
338 _avolume
_bnc
_2rdacarrier
650 4 _aالاعاقة العقلية - رعاية المعوقين
_942656
999 _aA18281
_c21849
_d21849